000 00235nam a2200097Ia 4500
008 231212s1989 xx 000 0 und d
041 _aeng
100 _aMileaf Harry
245 _aElectricity Vol I
260 _aDelhi
_bD.B. Tarapur
_c1989
999 _c960579
_d960579